| 000 | 00566nam a22001697a 4500 | ||
|---|---|---|---|
| 003 | MACL | ||
| 005 | 20160719151906.0 | ||
| 008 | 160719b xxu||||| |||| 00| 0 eng d | ||
| 040 | _cMACL | ||
| 041 | _aHindi | ||
| 082 | _a400 | ||
| 100 |
_aसिंह, महिपाल _964750 |
||
| 245 |
_aविश्व बाजार में हिन्दी _cमहिपाल सिंह |
||
| 260 |
_aनई दिल्ली _bग्रीन बुक्स _c2014 |
||
| 650 |
_aभाषा विज्ञान _950429 |
||
| 942 |
_2ddc _cHIN |
||
| 999 |
_c54480 _d54480 |
||